LIBRARY & INFORMATION CENTRE, KCAET, TAVANUR

ONLINE PUBLIC ACCESS CATALOGUE (OPAC)

Micro- Enterprises in Agriculture (Record no. 14606)

MARC details
000 -LEADER
fixed length control field 00292nam a22001217a 4500
020 ## - INTERNATIONAL STANDARD BOOK NUMBER
ISBN 9788170358657
082 ## - DEWEY DECIMAL CLASSIFICATION NUMBER
Classification number 658.4
Item number VIR/MI
100 ## - MAIN ENTRY--AUTHOR NAME
Personal name Virdi M.S.
245 ## - TITLE STATEMENT
Title Micro- Enterprises in Agriculture
260 ## - PUBLICATION, DISTRIBUTION, ETC. (IMPRINT)
Place of publication New Delhi
Name of publisher Daya Publishing House
Year of publication 2014
300 ## - PHYSICAL DESCRIPTION
Number of Pages 244
942 ## - ADDED ENTRY ELEMENTS (KOHA)
Koha item type Books
Holdings
Withdrawn status Lost status Damaged status Collection code Home library Current library Shelving location Date acquired Source of acquisition Cost, normal purchase price Full call number Accession Number Koha item type
        KAUAET KAUAET General Stacks 20/07/2016 Ganesh Book Centre Trivandrum 895.00 658.4 VIR/MI 24597 Books
free website counter